Library Banner

The history of India (1857-2000) (Record no. 55160)

MARC details
000 -LEADER
fixed length control field 00452nam a2200181Ia 4500
001 - CONTROL NUMBER
control field 57894
008 - FIXED-LENGTH DATA ELEMENTS--GENERAL INFORMATION
fixed length control field 140507s9999 xx 000 0 und d
020 ## - INTERNATIONAL STANDARD BOOK NUMBER
International Standard Book Number 9788131770429
040 ## - CATALOGING SOURCE
Transcribing agency PK-LaUMT
082 ## - DEWEY DECIMAL CLASSIFICATION NUMBER
Classification number 954.052
Item number HIS-
100 ## - MAIN ENTRY--PERSONAL NAME
Personal name Chakravarti, Aroop
245 #4 - TITLE STATEMENT
Title The history of India (1857-2000)
Statement of responsibility, etc Chakravarti, Aroop
260 ## - PUBLICATION, DISTRIBUTION, ETC. (IMPRINT)
Place of publication, distribution, etc Delhi,India:
Name of publisher, distributor, etc Pearson,
Date of publication, distribution, etc 2012
300 ## - PHYSICAL DESCRIPTION
Extent 507 p.
546 ## - LANGUAGE NOTE
Language note EN
650 ## - SUBJECT ADDED ENTRY--TOPICAL TERM
Topical term or geographic name as entry element India-History
942 ## - ADDED ENTRY ELEMENTS (KOHA)
Koha item type Books
Holdings
Withdrawn status Lost status Damaged status Not for loan Home library Current library Date acquired Total Checkouts Full call number Barcode Date last seen Date checked out Price effective from Koha item type
        UMT Main Campus UMT Main Campus 2014-05-07 4 954.052 HIS- 77752 2024-12-10 2024-11-24 2014-05-08 Books